<?xml version='1.0' encoding='UTF-8'?><?xml-stylesheet href='static/style.xsl' type='text/xsl'?><OAI-PMH xmlns="http://www.openarchives.org/OAI/2.0/" xmlns:xsi="http://www.w3.org/2001/XMLSchema-instance" xsi:schemaLocation="http://www.openarchives.org/OAI/2.0/ http://www.openarchives.org/OAI/2.0/OAI-PMH.xsd"><responseDate>2026-04-16T18:54:43Z</responseDate><request verb="GetRecord" identifier="oai:ebiltegia.mondragon.edu:20.500.11984/6867" metadataPrefix="marc">https://ebiltegia.mondragon.edu/oai/request</request><GetRecord><record><header><identifier>oai:ebiltegia.mondragon.edu:20.500.11984/6867</identifier><datestamp>2025-03-12T08:53:25Z</datestamp><setSpec>com_20.500.11984_473</setSpec><setSpec>col_20.500.11984_478</setSpec></header><metadata><record xmlns="http://www.loc.gov/MARC21/slim" xmlns:dcterms="http://purl.org/dc/terms/" xmlns:xsi="http://www.w3.org/2001/XMLSchema-instance" xmlns:doc="http://www.lyncode.com/xoai" xsi:schemaLocation="http://www.loc.gov/MARC21/slim http://www.loc.gov/standards/marcxml/schema/MARC21slim.xsd">
   <leader>00925njm 22002777a 4500</leader>
   <datafield ind2=" " ind1=" " tag="042">
      <subfield code="a">dc</subfield>
   </datafield>
   <datafield ind2=" " ind1=" " tag="720">
      <subfield code="a">Udabe Zabala, Ander</subfield>
      <subfield code="e">author</subfield>
   </datafield>
   <datafield ind2=" " ind1=" " tag="720">
      <subfield code="a">Baraia-Etxaburu, Igor</subfield>
      <subfield code="e">author</subfield>
   </datafield>
   <datafield ind2=" " ind1=" " tag="720">
      <subfield code="a">Garrido, David</subfield>
      <subfield code="e">author</subfield>
   </datafield>
   <datafield ind2=" " ind1=" " tag="260">
      <subfield code="c">2025</subfield>
   </datafield>
   <datafield ind2=" " ind1=" " tag="520">
      <subfield code="a">GaN HEMT transistors, with their superior on-resistance and switching times, provide a promising alternative to Si and SiC devices. Commercially available normally OFF GaN transistors can be categorized into two main groups: hybrid transistors, which incorporate a Si MOSFET, and e-mode transistors. The latter are the most promising GaN transistors, as they do not have the limitations of Si MOSFETs. Currently, there are two commercial e-mode transistors: the Schottky Gate (SG) p-GaN and the HD-GIT (Hybrid-Drain-embedded Gate Injection Transistor) transistors. However, they differ from the gate terminal standards that have been defined for years by Silicon IGBTs and MOSFETs (lower threshold voltage, non-constant Miller plateau, etc.), complicating their adoption in power electronics converters. This is particularly true for the HD-GIT transistor, which diverges from standard MOSFET gate operations due to its non-isolated gate terminal. To aid application engineers in understanding these devices and facilitating their adoption in real power applications, simulation models are useful tools. However, there are no simple HD-GIT transistor models that can be easily parameterized by application engineers. Therefore, in this work, an experimentally verified behavioral model of an HD-GIT transistor is presented and described.</subfield>
   </datafield>
   <datafield ind1="8" ind2=" " tag="024">
      <subfield code="a">1941-0107</subfield>
   </datafield>
   <datafield ind1="8" ind2=" " tag="024">
      <subfield code="a">https://katalogoa.mondragon.edu/janium-bin/janium_login_opac.pl?find&amp;ficha_no=180044</subfield>
   </datafield>
   <datafield ind1="8" ind2=" " tag="024">
      <subfield code="a">https://hdl.handle.net/20.500.11984/6867</subfield>
   </datafield>
   <datafield tag="653" ind2=" " ind1=" ">
      <subfield code="a">GaN</subfield>
   </datafield>
   <datafield tag="653" ind2=" " ind1=" ">
      <subfield code="a">HD-GIT</subfield>
   </datafield>
   <datafield tag="653" ind2=" " ind1=" ">
      <subfield code="a">Behavioral model</subfield>
   </datafield>
   <datafield ind2="0" ind1="0" tag="245">
      <subfield code="a">An Experimentally Verified Behavioral GaN HD-GIT Transistor Model</subfield>
   </datafield>
</record></metadata></record></GetRecord></OAI-PMH>